| 000 | 00733nam a2200133Ia 4500 | ||
|---|---|---|---|
| 008 | 171212s9999 xx 000 0 und d | ||
| 020 | _a9780833035271 | ||
| 100 | _aEiseman, Elisa;Bloom, Gabrielle;Brower, Jennifer;Clancy, Noreen;Olmsted, Stuart S. | ||
| 245 |
_cEiseman, Elisa;Bloom, Gabrielle;Brower, Jennifer;Clancy, Noreen;Olmsted, Stuart S. _aCase Studies of Existing Human Tissue Repositories _b"Best Practices" for a Biospecimen Resource for the Genomic and Proteomic Era |
||
| 260 |
_bRAND Corporation _c2003 |
||
| 650 | _aHealth Sciences | ||
| 650 | _aTissue banks -- case studies; Preservation of organs, tissues, etc -- Case studies; Cadaver homografts -- Case studies | ||
| 856 | _uwww.jstor.org/stable/10.7249/mg120ndc-nci | ||
| 999 |
_c351835 _d351835 |
||